| 000 | 00695nam a22001937a 4500 | ||
|---|---|---|---|
| 999 |
_c175073 _d175073 |
||
| 005 | 20200806144157.0 | ||
| 010 | _aB-122957 | ||
| 020 |
_c350.00 _a8182230683 |
||
| 035 | _aB-122957 | ||
| 037 |
_bBPPD/PUB _a- |
||
| 082 | _aک | ||
| 100 | _aمنٹو سعا د ت حسن | ||
| 245 |
_aکليا ت منٹو( منٹو کے ا فسا نے جلد- د و م ) _cمنٹو سعا د ت حسن |
||
| 246 |
_bKulliyat-e-Manto(Manto Ke Afsane--Vol.2) (Urdu) _aby Sadat Hasan Manto |
||
| 260 |
_aN.Delhi _bEducational Publishing House _c2005 ء |
||
| 270 |
_a3108,Vakil Street,Kucha Pndit Lal kuan _bDelhi _e110006 _k23216162 _l- |
||
| 300 |
_a1360 ص _c22 Cm(Hb) |
||
| 942 |
_2ddc _cUR _hک _mم ن ٹ |
||